000 nam a22 7a 4500
999 _c49563
_d49563
003 OSt
005 20200123101832.0
008 200123b xxu||||| |||| 00| 0 eng d
040 _cIIMT UNIVERISTY MEERUT
_dSEROSOFT
082 _a612TOR
100 _aS' TORTORA
245 _aPRINCIPLES OF ANATOMY AND PHYIOLOGY
_cAUTHOR
_hENGLISH
260 _aWILEY INDIA
_bGLOBAL ED.2017
300 _aPAPER BACK
_b989PP INDEX 1-31
700 _aTORTORA'S
760 _b2017
856 _3PAPER BACK
887 _2TITLE
942 _2ddc
_c01
_e2017